ASTM standards on building economics. (Record no. 600045)
[ view plain ]
| 000 -LEADER | |
|---|---|
| fixed length control field | 00292nam a2200109Ia 4500 |
| 008 - FIXED-LENGTH DATA ELEMENTS--GENERAL INFORMATION | |
| fixed length control field | 230907s9999||||xx |||||||||||||| ||und|| |
| 082 ## - DEWEY DECIMAL CLASSIFICATION NUMBER | |
| Classification number | 692 |
| Author Mark | ASTM |
| 245 #0 - TITLE STATEMENT | |
| Title | ASTM standards on building economics. |
| 260 ## - PUBLICATION, DISTRIBUTION, ETC. | |
| Place of publication, distribution, etc. | ASTM, |
| Name of publisher, distributor, etc. | West Conshohocken, PA : |
| Date of publication, distribution, etc. | 2007 |
| 300 ## - PHYSICAL DESCRIPTION | |
| Extent | vii, 373 p. : |
| 942 ## - ADDED ENTRY ELEMENTS (KOHA) | |
| Koha item type | Book |
| Withdrawn status | Lost status | Damaged status | Not for loan | Permanent Location | Current Location | Date acquired | Total Checkouts | Full call number | Barcode | Date last seen | Price effective from | Koha item type |
|---|---|---|---|---|---|---|---|---|---|---|---|---|
| US-Pakistan Center for Advanced Studies in Energy (USPCAS-E) | US-Pakistan Center for Advanced Studies in Energy (USPCAS-E) | 09/25/2019 | 692 ASTM | CAS-E0004144 | 09/12/2023 | 09/12/2023 | Book |
